| 000 | 01154 a2200169 4500 | ||
|---|---|---|---|
| 003 | NUST | ||
| 005 | 20221214160156.0 | ||
| 040 | _cNust | ||
| 082 | _a310,ERI | ||
| 100 |
_aEricksen , Gerald l _9104866 |
||
| 245 |
_aScientific inquiry in the Behavioral Sciences an Introducation to Staatistics / _cGerald L. Ericksen |
||
| 260 |
_aAmerica _bScott _c1970 |
||
| 300 | _a371,p.; | ||
| 505 | _aThe Nature of Behavioral Inquiry (Page-1), Structuring Behavioral Inquiries (Page-8), Describing Behavioral Responses (Page-21), A Basis for Experimentation with Categorical Responses (Page-52), The Binomial and Chi-Square Dis-Tributions (Page-73), The Normal Curve (Page-104), Testing Hypotheses about Single Population Means (Page-125), Testing Hypotheses about the Difference Between two Population Means (Page-156), Testing Hypotheses about Population Variances (Page-175), Extensions of Tests of Hypotheses about Population Means and Variances (Page-188), Associations Between Variables (Page-212), Some Rank Order Statistics (Page-243), Summary (Page-265), Related Topics (Page-272). | ||
| 650 |
_abehavioral sciences _9104867 |
||
| 942 |
_2ddc _cBK _k310,ERI |
||
| 999 |
_c193881 _d193881 |
||